Maduʻa atah mitnaheg kakhah? : (Record no. 32143)

MARC details
000 -LEADER
fixed length control field 00600cam a22002051 4500
001 - CONTROL NUMBER
control field he 67000297
003 - CONTROL NUMBER IDENTIFIER
control field DLC
005 - DATE AND TIME OF LATEST TRANSACTION
control field 20260227111443.0
008 - FIXED-LENGTH DATA ELEMENTS--GENERAL INFORMATION
fixed length control field 840307s1966 is 000 0 heb
010 ## - LIBRARY OF CONGRESS CONTROL NUMBER
LC control number he 67000297
035 ## - SYSTEM CONTROL NUMBER
System control number (OCoLC)19158773
040 ## - CATALOGING SOURCE
Original cataloging agency DLC
Transcribing agency MH
Modifying agency CU
-- DLC
042 ## - AUTHENTICATION CODE
Authentication code premarc
050 00 - LIBRARY OF CONGRESS CALL NUMBER
Classification number BF145
Item number .A53
100 1# - MAIN ENTRY--PERSONAL NAME
Personal name ʻAḳavya, Uriʼel.
245 10 - TITLE STATEMENT
Title Maduʻa atah mitnaheg kakhah? :
Remainder of title mekhanizmim ḥiyuviyim u-sheliliyim shel histaglut ṿe-hitgonenut psikhologiyot.
260 ## - PUBLICATION, DISTRIBUTION, ETC.
Place of publication, distribution, etc. Tel Aviv :
Name of publisher, distributor, etc. Yizraʻel,
Date of publication, distribution, etc. [1966]
300 ## - PHYSICAL DESCRIPTION
Extent 64 p. ;
Dimensions 22 cm.
650 #0 - SUBJECT ADDED ENTRY--TOPICAL TERM
Topical term or geographic name entry element Psychology.

No items available.

Powered by Koha